Osoby z największą ilością pucharów w Polsce w Brawl stars 2024 - Statystyki

Ogólne statystyki
  • Ten quiz został rozwiązany 24 razy
  • Średni wynik to 2 z 15
Statystyki odpowiedzi
Top Polski Odpowiedź % Poprawnych
3 ZETA Kuba
75%
1 Toodyxz
30%
10 Zimon
20%
6 Jabko
15%
2 kxrtofvl
15%
9 Minepro
15%
4 ThorN3X
15%
5 Mati
10%
11 Hillen
5%
8 Kuba PL
5%
13 Say
5%
7 Skibidi Igorr
5%
14 Enfer
0%
15 Shine
0%
12 ttv/xrmnd
0%
Nie znaleziono quizów pasujących do podanych kryteriów
Rozkład punktacji
Procent ludzi z każdym wynikiem
Percentyl według liczby udzielonych odpowiedzi
Twoja historia wyników
Nie rozwiązałeś tego quizu